[Event "Steinfurt Bezirksklasse 1415"]
[Site "Germany"]
[Date "2015.02.21"]
[Round "6.2"]
[White "Schellmann, Mareike"]
[Black "Roewekamp, Helmut"]
[Result "1/2-1/2"]
[WhiteElo "1505"]
[BlackElo "1651"]
[PlyCount "46"]
[EventDate "2014.09.20"]
[EventType "team-tourn"]
[EventRounds "9"]
[EventCountry "GER"]
[SourceTitle "EXT 2016"]
[Source "ChessBase"]
[SourceDate "2015.10.08"]
[SourceVersion "1"]
[SourceVersionDate "2015.10.08"]
[SourceQuality "1"]
[WhiteTeam "Emsdetten Rochade IV"]
[BlackTeam "Reckenfeld II"]
[WhiteTeamCountry "GER"]
[BlackTeamCountry "GER"]

1. e4 e5 2. Nf3 Nc6 3. Bc4 Bc5 4. c3 Nf6 5. d3 d6 6. Be3 Bb6 7. 0-0 Ne7 8. Nbd2 c6 9. d4 Ng6 10. Qc2 0-0 11. Rad1 Qe7 12. Bd3 Re8 13. Rfe1 Bg4 14. Be2 Rad8 15. Bg5 h6 16. Be3 Bc8 17. h3 exd4 18. Bxd4 c5 19. Bxf6 Qxf6 20. Nc4 Bc7 21. Ne3 Be6 22. Nd5 Bxd5 23. Rxd5 Nf4 1/2-1/2

[Event "BL2 West 1314 (Women)"]
[Site "Germany"]
[Date "2014.03.09"]
[Round "7.3"]
[White "Schellmann, Mareike"]
[Black "Evers, Annika"]
[Result "0-1"]
[WhiteElo "1536"]
[BlackElo "1810"]
[PlyCount "78"]
[EventDate "2013.11.30"]
[EventType "team-tourn"]
[EventRounds "7"]
[EventCountry "GER"]
[SourceTitle "EXT 2018"]
[Source "ChessBase"]
[SourceDate "2017.10.13"]
[SourceVersion "1"]
[SourceVersionDate "2017.10.13"]
[SourceQuality "1"]
[WhiteTeam "Steinfurt (W)"]
[BlackTeam "Norderstedt Harksheide (W)"]
[WhiteTeamCountry "GER"]
[BlackTeamCountry "GER"]

1. e4 c5 2. Nf3 e6 3. d3 Nc6 4. g3 g6 5. Nbd2 Bg7 6. Bg2 Nge7 7. 0-0 0-0 8. Nh4 d5 9. f4 Rb8 10. Nhf3 b5 11. Rb1 c4 12. dxc4 bxc4 13. c3 Ba6 14. Re1 Qb6+ 15. Kh1 Rfd8 16. exd5 exd5 17. Ne5 Nxe5 18. fxe5 d4 19. cxd4 Qxd4 20. Re4 Qd3 21. Qf3 Qxf3 22. Bxf3 c3 23. bxc3 Rxb1 24. Nxb1 Bb7 25. Bg5 Bxe4 26. Bxe4 Rd1+ 27. Kg2 Nf5 28. g4 Bh6 29. Bf6 Ne3+ 30. Kf2 Nxg4+ 31. Ke2 Nxf6 32. exf6 Rd6 33. c4 Rxf6 34. c5 Re6 35. Kd3 Kf8 36. Nc3 f5 37. Bd5 Re3+ 38. Kd4 Rh3 39. c6 Bg7+ 0-1

[Event "Steinfurt Bezirksklasse 1213"]
[Site "Germany"]
[Date "2013.03.23"]
[Round "7.3"]
[White "Raus, Christina"]
[Black "Schellmann, Mareike"]
[Result "1/2-1/2"]
[WhiteElo "1374"]
[BlackElo "1494"]
[PlyCount "37"]
[EventDate "2012.09.29"]
[EventType "team-tourn"]
[EventRounds "9"]
[EventCountry "GER"]
[SourceTitle "EXT 2015"]
[Source "ChessBase"]
[SourceDate "2014.11.20"]
[SourceVersion "1"]
[SourceVersionDate "2014.11.20"]
[SourceQuality "1"]
[WhiteTeam "Steinfurt III"]
[BlackTeam "Emsdetten Rochade IV"]
[WhiteTeamCountry "GER"]
[BlackTeamCountry "GER"]

1. d4 Nf6 2. c4 d6 3. Nc3 g6 4. Bg5 Bg7 5. e3 0-0 6. Nf3 Nbd7 7. Be2 c5 8. 0-0 a6 9. Rc1 Rb8 10. a3 b6 11. b4 Bb7 12. dxc5 dxc5 13. Qd3 Qc7 14. Bf4 e5 15. Bg3 Rbd8 16. Qb1 Rfe8 17. b5 axb5 18. Nxb5 Qc6 19. Rfd1 1/2-1/2

[Event "BL2 West 1213 (Women)"]
[Site "Germany"]
[Date "2012.12.02"]
[Round "4.5"]
[White "Schellmann, Mareike"]
[Black "Sieber, Fiona"]
[Result "0-1"]
[WhiteElo "1520"]
[BlackElo "1800"]
[PlyCount "52"]
[EventDate "2012.10.06"]
[EventType "team-tourn"]
[EventRounds "7"]
[EventCountry "GER"]
[SourceTitle "EXT 2018"]
[Source "ChessBase"]
[SourceDate "2017.10.13"]
[SourceVersion "1"]
[SourceVersionDate "2017.10.13"]
[SourceQuality "1"]
[WhiteTeam "Steinfurt (W)"]
[BlackTeam "Lehrte (W)"]
[WhiteTeamCountry "GER"]
[BlackTeamCountry "GER"]

1. e4 c5 2. Nf3 d6 3. d4 cxd4 4. Nxd4 Nf6 5. Nc3 Nc6 6. Bc4 e6 7. 0-0 Be7 8. Be3 0-0 9. Bb3 a6 10. a4 Qc7 11. Qe2 b6 12. Nxc6 Qxc6 13. Qc4 Qb7 14. f3 Bd7 15. Qd4 Rab8 16. Rad1 Rfd8 17. e5 dxe5 18. Qxe5 Bc6 19. Rxd8+ Rxd8 20. Rd1 Rxd1+ 21. Nxd1 Nd7 22. Qf4 Nc5 23. Nc3 h6 24. Kh1 Qa8 25. Bd4 Qd8 26. Qe5 Bf6 0-1

[Event "Steinfurt Bezirksliga 1112"]
[Site "Germany"]
[Date "2011.11.05"]
[Round "2.2"]
[White "Schellmann, Mareike"]
[Black "Braemik, Simon"]
[Result "0-1"]
[WhiteElo "1541"]
[BlackElo "1536"]
[PlyCount "50"]
[EventDate "2011.10.01"]
[EventType "team-tourn"]
[EventRounds "9"]
[EventCountry "GER"]
[SourceTitle "EXT 2013"]
[Source "ChessBase"]
[SourceDate "2012.11.22"]
[SourceVersion "1"]
[SourceVersionDate "2012.11.22"]
[SourceQuality "1"]
[WhiteTeam "Emsdetten Rochade III"]
[BlackTeam "Rheine SG"]
[WhiteTeamCountry "GER"]
[BlackTeamCountry "GER"]

1. e4 c5 2. Nf3 Nc6 3. d4 cxd4 4. Nxd4 g6 5. Nc3 Bg7 6. Be3 Nf6 7. f3 0-0 8. Bc4 d6 9. Qd2 Bd7 10. 0-0-0 Rc8 11. h4 h5 12. Kb1 a6 13. Nb3 b5 14. Be2 Ne5 15. Bd4 Nc4 16. Qe1 e5 17. Bf2 Be6 18. Nd5 Nxd5 19. exd5 Bd7 20. Bxc4 bxc4 21. Na5 c3 22. Nb3 a5 23. Rd3 a4 24. Na1 cxb2 25. Kxb2 e4+ 0-1

[Event "BL2 Nord 1011 (Women)"]
[Site "Germany"]
[Date "2010.12.04"]
[Round "3.6"]
[White "Schellmann, Mareike"]
[Black "Steiner, Susanne"]
[Result "0-1"]
[WhiteElo "1592"]
[BlackElo "1759"]
[PlyCount "82"]
[EventDate "2010.11.06"]
[EventType "team-tourn"]
[EventRounds "7"]
[EventCountry "GER"]
[SourceTitle "EXT 2012"]
[Source "ChessBase"]
[SourceDate "2011.11.24"]
[SourceVersion "1"]
[SourceVersionDate "2011.11.24"]
[SourceQuality "1"]
[WhiteTeam "Steinfurt (W)"]
[BlackTeam "Braunschweig (W)"]
[WhiteTeamCountry "GER"]
[BlackTeamCountry "GER"]

1. e4 c6 2. d3 d5 3. Nd2 e5 4. Ngf3 Bd6 5. g3 Nf6 6. Bg2 0-0 7. 0-0 Bg4 8. Qe1 Qc8 9. d4 exd4 10. Nxd4 Re8 11. f3 Bh3 12. Rf2 Bxg2 13. Kxg2 Nbd7 14. Re2 Bc7 15. exd5 Nxd5 16. Nc4 Rxe2+ 17. Qxe2 Qe8 18. Qxe8+ Rxe8 19. Bd2 N7b6 20. Nxb6 Bxb6 21. Nb3 Re2+ 22. Kh3 Ne3 23. Bxe3 Rxe3 24. f4 Re2 25. c4 c5 26. Rd1 Rxb2 27. Nxc5 Bxc5 28. Rd7 g6 29. Rc7 b6 30. Rxa7 h5 31. g4 hxg4+ 32. Kxg4 Rxh2 33. Kf3 Rc2 34. Ra4 Kg7 35. Ke4 Kf6 36. Kd5 Rf2 37. Ke4 Re2+ 38. Kd3 Re3+ 39. Kd2 Kf5 40. Ra7 f6 41. Rf7 Ra3 0-1

[Event "Muensterland Verbandsklasse-A 0910"]
[Site "Germany"]
[Date "2009.09.19"]
[Round "1.7"]
[White "Schellmann, Mareike"]
[Black "Bauer, Thorsten"]
[Result "1/2-1/2"]
[WhiteElo "1572"]
[BlackElo "1622"]
[PlyCount "55"]
[EventDate "2009.09.19"]
[EventType "team-tourn"]
[EventRounds "9"]
[EventCountry "GER"]
[SourceTitle "EXT 2011"]
[Source "ChessBase"]
[SourceDate "2010.11.26"]
[SourceVersion "1"]
[SourceVersionDate "2010.11.26"]
[SourceQuality "1"]
[WhiteTeam "Emsdetten Rochade II"]
[BlackTeam "Ibbenbueren"]
[WhiteTeamCountry "GER"]
[BlackTeamCountry "GER"]

1. e4 e5 2. Nf3 Nc6 3. Bc4 Bc5 4. c3 Nf6 5. d3 h6 6. Be3 d6 7. Bb3 Bg4 8. Bc2 0-0 9. 0-0 a6 10. Nbd2 b5 11. Nb3 Bb6 12. Bxb6 cxb6 13. d4 d5 14. h3 dxe4 15. hxg4 exf3 16. Qxf3 Qd5 17. Qxd5 Nxd5 18. Be4 Rad8 19. Rad1 exd4 20. cxd4 Rd6 21. Bxd5 Rxd5 22. Rfe1 Rfd8 23. Re4 a5 24. Kf1 a4 25. Nc1 Rxd4 26. Rexd4 Rxd4 27. Rxd4 Nxd4 28. Nd3 1/2-1/2

[Event "Steinfurt Bezirksliga 0607"]
[Site "Germany"]
[Date "2006.09.30"]
[Round "2.7"]
[White "Fehlings, Gerd"]
[Black "Schellmann, Mareike"]
[Result "1/2-1/2"]
[WhiteElo "1734"]
[BlackElo "1586"]
[PlyCount "106"]
[EventDate "2006.09.09"]
[EventType "team-tourn"]
[EventRounds "9"]
[EventCountry "GER"]
[SourceTitle "EXT 2008"]
[Source "ChessBase"]
[SourceDate "2007.11.25"]
[SourceVersion "1"]
[SourceVersionDate "2007.11.25"]
[SourceQuality "1"]
[WhiteTeam "Emsdetten Rochade"]
[BlackTeam "Emsdetten Rochade III"]
[WhiteTeamCountry "GER"]
[BlackTeamCountry "GER"]

1. Nf3 d6 2. c4 Nf6 3. Nc3 g6 4. g3 Bg7 5. Bg2 e5 6. d3 0-0 7. 0-0 Nc6 8. Rb1 a5 9. a3 Nh5 10. Bd2 f5 11. b4 axb4 12. axb4 Nf6 13. b5 Ne7 14. Qb3 Kh8 15. Ne1 Rb8 16. Nc2 Be6 17. e4 Nd7 18. Na4 Qc8 19. Qb4 fxe4 20. dxe4 Qd8 21. Rfd1 Bg4 22. Re1 Rf7 23. Re3 Qf8 24. Be1 Bh6 25. Ra3 Bf3 26. Qc3 Bxg2 27. Kxg2 Nf6 28. f3 Nd7 29. Qd3 Nc8 30. Bf2 Kg8 31. Nc3 Ncb6 32. Nd5 Nxd5 33. cxd5 Nc5 34. Bxc5 dxc5 35. Rba1 Bg5 36. Qe2 Be7 37. Ne3 Kh8 38. Nc4 Bd6 39. Qb2 Qg7 40. b6 Qf6 41. bxc7 Bxc7 42. Qb5 b6 43. Rd1 Rd8 44. Rad3 Kg8 45. Ra1 Kg7 46. Ra7 Bd6 47. Ra6 Rb8 48. Rxb6 Rxb6 49. Qxb6 Rd7 50. Ra3 Kf7 51. Qc6 Ke7 52. Ra6 Qg5 53. Nxd6 Qd2+ 1/2-1/2